<?xml version="1.0" encoding="UTF-8"?>
<collection xmlns="http://www.loc.gov/MARC21/slim">
  <record>
    <leader>00000nam  2200000   4500</leader>
    <controlfield tag="001">INLIS000000000000440</controlfield>
    <controlfield tag="005">20180724134956</controlfield>
    <controlfield tag="008">180724|||||||||   |   |||   |||| ||   | </controlfield>
    <datafield tag="035" ind1=" " ind2=" ">
      <subfield code="0">010-0718000440</subfield>
    </datafield>
    <datafield tag="041" ind1=" " ind2=" ">
      <subfield code="a">id</subfield>
    </datafield>
    <datafield tag="082" ind1=" " ind2=" ">
      <subfield code="a">003</subfield>
    </datafield>
    <datafield tag="090" ind1=" " ind2=" ">
      <subfield code="a">R 003 PIM I 2013</subfield>
    </datafield>
    <datafield tag="100" ind1=" " ind2=" ">
      <subfield code="a">Suhardi</subfield>
    </datafield>
    <datafield tag="245" ind1=" " ind2=" ">
      <subfield code="a">Optimalisasi penyelesaian perkara tindak pidana korupsi yang berkaitan dengan pertanggung jawaban pidana terhadap korporasi</subfield>
    </datafield>
    <datafield tag="260" ind1=" " ind2=" ">
      <subfield code="a">Jakarta</subfield>
      <subfield code="b">Lembaga Aministras Negara RI</subfield>
      <subfield code="c">2013</subfield>
    </datafield>
    <datafield tag="300" ind1=" " ind2=" ">
      <subfield code="a">35 hlm. : 30 cm.</subfield>
    </datafield>
    <datafield tag="500" ind1=" " ind2=" ">
      <subfield code="a">Menyamakan visi, misi dan persepsi demi terwujudnya kesatuan tata pikir, tata laku dan tata kinerja abgi para Jaksa dalam penanganan dan penyelesaian perkara tindak pidana korupsi yang berkaitan dengan pertanggung jawaban pidana korporasi. Mewujudkan koordinasi dan sinergitas yang baik antar institusi lintas sekotoral (antar instansi penegak hukum), khususnya dengan Hakim Pengadilan Tindak Pidana Korupsi.</subfield>
    </datafield>
    <datafield tag="650" ind1=" " ind2=" ">
      <subfield code="a">Tindak Pidana korupsi -- Proyek Perubahan PIM1</subfield>
    </datafield>
  </record>
</collection>
